000 01785nam0a2200325 4500
001 RU\NLR\BIBL_A\011988938
005 20260407120402.0
010 _d40 к.
_91800
021 _aRU
_b64-78164
035 _a(NLR Aleph) 011988938
090 _a11347645
_c11347645
100 _a20190221d1964 |||y0rusy50 ca
101 0 _arus
102 _aRU
105 _aa|||z|||000zy
200 1 _aТеплофизические вопросы панельно-лучистого охлаждения помещения
_e[сборник статей]
_fпод общ. ред. канд. техн. наук, доц. В.Н. Богословского
210 _aМосква
_d1964
215 _a88 с.
_cил.
_d20
225 1 _aСборник трудов
_fМоск. ордена Трудового Красного Знамени инж.-строит. ин-т им. В.В. Куйбышева. Кафедра отопления и вентиляции
_vвып. 48
320 _aБиблиогр. в конце статей
606 _aКондиционирование воздуха
_jСборники
_xТепловые процессы
_91352254
_3RU\NLR\AUTH\66564838
686 1 _aН762.3я43
702 1 _4340
_7ca
_8rus
_aБогословский
_bВ. Н.
_cд-р техн. наук
_f1923-2001
_gВячеслав Николаевич
_9210025
_3RU\NLR\AUTH\770210079
712 0 2 _4650
_aМосковский инженерно-строительный институт им. В. В. Куйбышева
_3RU\NLR\AUTH\889951576
_9399103
852 _aNLR
_jП10/790 (вып. 48)
942 _cBOOK
980 _aNB